01077nam a22002777a 4500003000400000005001700004008004100021010001900062024001900081035001900100040001300119082001500132245011700147260004900264300005700313500007600370500002600446538008100472538012900553650001900682700002200701700001700723700001900740700002100759700001900780dpl20080911114410.0080911t xxu||||| |||| 00| 0 eng d aDVD-000419-421 2OOP50c499.00  aDVD-000419-421 aDPLcDPL aDVD / PIRA aPirates of the Caribbean :cWalt Disney Pictures Presentsh[videorecording] (DVD)/bThe Cruse of the Black Pearl aBurbank, CAbWalt Disney Home Entertainment a1 videodiscs (143 min.):bsd., col.;c4 3/4 in.fDVD aSole Distributor in India M/s Excel Productions Audio Visuals Pvt. Ltd. aDVD is copy protected aDolby Digital 5.1-English, Thai, Subtitles: English,Thai,, Bahasa, Mandarin aAspect Ratio:2.35.1, Presentation Type: Wide Screne, Presentation Size 16x9, Formation: DVD 9- Dual Layer Single sided Disc, 2Motion Picture aBruckhemer, Jerry aDepp, Johney aBloom, Orlando aKnightley, Keira aRush, Geoffrey